export_success — 

Jugoslavija i evropska bezbednost i saradnja : prilozi, dokumenti /

Saved in:
Bibliographic Details
Other Authors: Popović, Velimir.
Format: Book
Language:Croatian
Published: Beograd : Međunarodna politika, 1977.
Edition:1. izd.
Subjects:
Tags: Add Tag
No Tags, Be the first to tag this record!
LEADER 00780cam a2200241 i 4500
001 005506864-2
005 20020606163548.3
008 780607s1977 yu 000 0 hrv
010 |a  78350938 //r933 
015 |a Yu*** 
035 0 |a ocm04034044 
040 |a DLC  |c DLC  |d HLS 
043 |a e-yu--- 
050 0 0 |a JX1393.C65  |b J83 
245 0 0 |a Jugoslavija i evropska bezbednost i saradnja :  |b prilozi, dokumenti /  |c glavni i odgovorni urednik Velimir Popović. 
250 |a 1. izd. 
260 |a Beograd :  |b Međunarodna politika,  |c 1977. 
300 |a 289 p. ;  |c 20 cm. 
611 2 0 |a Conference on Security and Cooperation in Europe  |d (1972 :  |c Helsinki, Finland) 
651 0 |a Yugoslavia  |x Foreign relations  |y 1945-1980. 
700 1 |a Popović, Velimir. 
988 |a 20020608 
906 |0 DLC